Luxembourg - Choix multiples - Statistiques

Statistiques générales
  • Ce quiz a été pris 108 fois
    100 depuis la dernière actualisation
  • Le résultat moyen est 5 sur 10
Statistiques - réponses
Question Réponse % Correct
Lequel de ces blasons est celui de la ville de Luxembourg?
77%
Lequel de ces bâtiments est le palais grand-ducal de la ville de Luxembourg?
70%
Lequel de ces organes de l'Union européenne ne se trouve PAS dans la ville de Luxembourg? Banque centrale européenne
60%
Lequel de ces pays n'a JAMAIS contrôlé la ville de Luxembourg? Suède
59%
Quel surnom les Luxembourgeois utilisent-ils pour désigner leur ville? D’Stad
58%
Comment s'appelait le seigneur féodal qui a fondé le château qui a constitué le premier noyau de la ville? Sigefroid I
46%
Quelle ville a un PIB par habitant plus élevé que Luxembourg? Aucune
42%
Lequel de ces généraux a été enterré au cimetière américain de Luxembourg? George S. Patton
39%
Comment s'appelle le pont principal sur la rivière Pétrusse? Pont Adolphe
32%
Arrondi à la dizaine près, quel pourcentage de la population de la ville est composé d'étrangers? 70%
20%
Aucun quiz correspondant
Distribution des résultats
% des personnes avec chaque résultat
Percentile par nombre de réponses
Votre historique - résultats
Vous n’avez pas pris ce quiz depuis la dernière actualisation